[Event "Alma-Ata m2"]
[Site "Alma Ata KAZ"]
[Date "1995.??.??"]
[Round "?"]
[White "Tkachiev, Vladislav"]
[Black "Karpov, Anatoly"]
[Result "0-1"]
[WhiteElo "2575"]
[BlackElo "2765"]
[PlyCount "48"]
[EventDate "1995.??.??"]
[Source "www.chesslib.no"]
[SourceDate "2004.05.04"]

1. b4 e6 2. Bb2 Nf6 3. b5 a6 4. a4 axb5 5. axb5 Rxa1 6. Bxa1 c5 7. e3 d5 8. Nf3 Nbd7 9. c4 b6 10. Be2 Bb7 11. O-O Bd6 12. d4 O-O 13. Nbd2 Qc7 14. dxc5 Nxc5 15. h3 Nfe4 16. cxd5 Bxd5 17. Nd4 Ra8 18. Nxe4 Nxe4 19. Bf3 Bh2+ 20. Kh1 Be5 21. Qe2 Bc4 22. Nxe6 Bxe6 23. Bxe4 Rxa1 24. Rxa1 Bxa1 0-1

[Event "Anibal Open ESP"]
[Site "?"]
[Date "2001.??.??"]
[Round "3"]
[White "Zilberman, Y."]
[Black "Avrukh, B."]
[Result "1/2-1/2"]
[WhiteElo "2485"]
[BlackElo "2625"]
[PlyCount "137"]
[EventDate "2001.??.??"]
[Source "www.chesslib.no"]
[SourceDate "2004.05.04"]

1. b4 d5 2. Bb2 Bg4 3. Nf3 Nd7 4. a3 Ngf6 5. e3 c6 6. c4 e6 7. d4 Bd6 8. Nbd2 Ne4 9. Be2 Qb8 10. Nxe4 dxe4 11. Ng5 Bf5 12. Bh5 g6 13. g4 Qd8 14. h4 gxh5 15. gxf5 exf5 16. Qxh5 Qf6 17. O-O-O h6 18. Nh3 Rg8 19. f3 exf3 20. Qxf3 Rg3 21. Qf2 Qe6 22. c5 Bc7 23. d5 cxd5 24. Nf4 Bxf4 25. exf4 Re3 26. Rxd5 Qe4 27. Rdd1 Ne5 28. Bxe5 Re2 29. Qxe2 Qxe2 30. Rhe1 Qc4+ 31. Kb2 Kf8 32. Rd7 Qb5 33. Bd6+ Kg7 34. Rg1+ Kf6 35. Be5+ Ke6 36. Rd6+ Ke7 37. Bf6+ Kf8 38. Bg7+ Kg8 39. Rxh6 Qe2+ 40. Ka1 f6 41. Bxf6+ Kf8 42. Bb2 Qf2 43. Rh8+ Kf7 44. Rg7+ Ke6 45. Rg6+ Ke7 46. Rh7+ Kf8 47. Be5 Qe1+ 48. Kb2 Qd2+ 49. Kb3 Qd3+ 50. Ka4 b5+ 51. Ka5 Qxa3+ 52. Kxb5 Qd3+ 53. Ka4 Qc2+ 54. Ka3 Qd3+ 55. Kb2 Qd2+ 56. Kb3 Qd3+ 57. Ka4 Qc2+ 58. Kb5 Qe2+ 59. Kc6 Qa6+ 60. Kd7 Qc8+ 61. Kd6 Qa6+ 62. c6 Qd3+ 63. Ke6 Re8+ 64. Kf6 Qd8+ 65. Kxf5 Qd3+ 66. Kg5 Qg3+ 67. Kh5 Rxe5+ 68. fxe5 Qxe5+ 69. Kh6 1/2-1/2

[Event "BL 9394"]
[Site "?"]
[Date "1994.??.??"]
[Round "54"]
[White "Volke Karsten"]
[Black "Vaganian Rafael A"]
[Result "0-1"]
[WhiteElo "2480"]
[BlackElo "2625"]
[PlyCount "85"]
[EventDate "1994.??.??"]
[Source "www.chesslib.no"]
[SourceDate "2004.05.04"]

1. b4 e5 2. Bb2 Bxb4 3. Bxe5 Nf6 4. c4 O-O 5. Nf3 Re8 6. e3 Bf8 7. Be2 g6 8. O-O Bg7 9. Bb2 c5 10. Nc3 Nc6 11. Rb1 d5 12. Nxd5 Nxd5 13. cxd5 Qxd5 14. Bxg7 Kxg7 15. d4 cxd4 16. Nxd4 Nxd4 17. exd4 Bf5 18. Bf3 Be4 19. Bxe4 Rxe4 20. Qb3 Qxb3 21. Rxb3 b6 22. Rd3 Re2 23. Rc1 Rc8 24. Kf1 Rxc1+ 25. Kxe2 Rc2+ 26. Ke3 Rxa2 27. d5 Kf8 28. Rc3 Ke7 29. Rc7+ Kf6 30. g4 Ra3+ 31. Ke4 Ra4+ 32. Kf3 g5 33. d6 a5 34. d7 Ke7 35. d8=Q+ Kxd8 36. Rxf7 Rb4 37. h4 h6 38. h5 a4 39. Ra7 Ke8 40. Ra8+ Ke7 41. Kg3 Rb3+ 42. Kg2 a3 43. Rb8 0-1

[Event "Mec Novi Sad-Beograd"]
[Site "?"]
[Date "2002.12.21"]
[Round "2"]
[White "Nevednichy Vladislav"]
[Black "Pavlovic Milos"]
[Result "0-1"]
[WhiteElo "2555"]
[BlackElo "2549"]
[PlyCount "88"]
[EventDate "2002.??.??"]
[Source "www.chesslib.no"]
[SourceDate "2004.05.04"]

1. b4 e5 2. Bb2 Bxb4 3. Bxe5 Nf6 4. c4 O-O 5. Nf3 Re8 6. e3 Nc6 7. Bb2 d5 8. a3 Ba5 9. Be2 dxc4 10. Bxc4 Ne4 11. O-O Bg4 12. h3 Bh5 13. Be2 Qe7 14. Nd4 Bxe2 15. Nxc6 bxc6 16. Qxe2 Rab8 17. Bd4 c5 18. Bc3 Bxc3 19. Nxc3 Nxc3 20. dxc3 Qe6 21. Rfd1 g6 22. c4 Qf6 23. Ra2 Re6 24. Rad2 Rd6 25. Kh2 h5 26. Kg1 Qc3 27. e4 Rxd2 28. Qxd2 Qxc4 29. Qf4 Re8 30. f3 Qe6 31. Qxc7 c4 32. Qxa7 c3 33. Rc1 Qc4 34. Qe3 c2 35. Qd2 Rc8 36. h4 Qb3 37. Kh2 Qb8+ 38. Kh3 Qb3 39. Ra1 Qe6+ 40. g4 hxg4+ 41. fxg4 Qxe4 42. Rc1 Qf3+ 43. Kh2 Rc3 44. Rxc2 Qh3+ 0-1

[Event "Coria ESP, Open 2005"]
[Site "?"]
[Date "2005.02.14"]
[Round "5"]
[White "Daniel Cámpora Argentina"]
[Black "Iván Cheparinov Bulgaria"]
[Result "0-1"]
[WhiteElo "2529"]
[BlackElo "2572"]
[PlyCount "70"]
[EventDate "2005.??.??"]
[Source "www.chesslib.no"]
[SourceDate "2004.05.04"]

1. b4 c6 2. e3 Nf6 3. Bb2 a5 4. b5 a4 5. Nf3 d6 6. Be2 e5 7. c4 Be7 8. O-O O-O 9. d4 e4 10. Nfd2 cxb5 11. cxb5 d5 12. Ba3 Bxa3 13. Nxa3 Qd6 14. Qc1 Bg4 15. Re1 Bxe2 16. Rxe2 Nbd7 17. Qb2 Ng4 18. Nf1 f5 19. h3 Nh6 20. Rc1 Nb6 21. Rc5 g5 22. f3 Rae8 23. Nb1 exf3 24. gxf3 Nd7 25. Rcc2 f4 26. e4 dxe4 27. fxe4 f3 28. Re3 g4 29. Qc3 Qg6 30. Ng3 gxh3 31. Rxf3 Rxe4 32. Rxf8+ Nxf8 33. Nd2 h2+ 34. Kg2 Re2+ 35. Kf1 h1=Q+ 0-1

[Event "Pozega"]
[Site "?"]
[Date "2000.??.??"]
[Round "9"]
[White "Palac Mladen"]
[Black "Zelcic Robert"]
[Result "1/2-1/2"]
[WhiteElo "2570"]
[BlackElo "2529"]
[PlyCount "20"]
[EventDate "2000.??.??"]
[Source "www.chesslib.no"]
[SourceDate "2004.05.04"]

1. b4 d6 2. Bb2 Nf6 3. c4 e5 4. d3 Be7 5. e4 O-O 6. Nd2 c6 7. Ngf3 Bg4 8. Be2 Nbd7 9. O-O Qc7 10. a3 Rfe8 1/2-1/2

[Event "Corr"]
[Site "?"]
[Date "2000.09.01"]
[Round "?"]
[White "Gomez Gustavo Daniel (ARG"]
[Black "Stull Norbert"]
[Result "1/2-1/2"]
[WhiteElo "2522"]
[BlackElo "2563"]
[PlyCount "39"]
[EventDate "2000.??.??"]
[Source "www.chesslib.no"]
[SourceDate "2004.05.04"]

1. b4 e5 2. Bb2 Bxb4 3. Bxe5 Nf6 4. a3 Be7 5. e3 O-O 6. c4 d5 7. cxd5 Nxd5 8. Qc2 c5 9. Nf3 Nc6 10. Bb2 Be6 11. Nc3 Nb6 12. Rc1 Rc8 13. Ne4 c4 14. Be2 Qd5 15. Ng3 Rfd8 16. O-O Qa5 17. Nd4 Nxd4 18. Bxd4 Nd5 19. Qe4 b5 20. Bxg7 1/2-1/2

[Event "I Torneo Iberoamericano"]
[Site "Ayamonte"]
[Date "2004.11.17"]
[Round "7.4"]
[White "Campora, Daniel Hugo"]
[Black "Rodriguez, Andres"]
[Result "0-1"]
[WhiteElo "2549"]
[BlackElo "2533"]
[PlyCount "74"]
[EventDate "2004.11.11"]
[Source "Roberto Alvarez"]
[SourceDate "2004.11.22"]

1. b4 c6 2. e3 d5 3. Bb2 Qb6 4. a3 a5 5. c4 axb4 6. c5 Qc7 7. axb4 Rxa1 8. Bxa1 Nf6 9. f4 b6 10. Bxf6 exf6 11. d4 bxc5 12. bxc5 Qa5+ 13. Kf2 Na6 14. Qd2 Nb4 15. Nf3 Be7 16. Be2 O-O 17. Nc3 Bf5 18. Rc1 Qa3 19. Nh4 Bd3 20. Nxd5 cxd5 21. Rc3 Qa1 22. Rxd3 Nxd3+ 23. Qxd3 Rb8 24. Qa6 Qb1 25. Qa7 Bf8 26. Qd7 Rb2 27. Nf3 Qa2 28. Ng1 Rb1 29. Nf3 Rb2 30. Ng1 g6 31. c6 Rc2 32. Kf3 Rc3 33. Kg3 Qd2 34. Bf3 Qe1+ 35. Kh3 Qxg1 36. Bxd5 Qxe3+ 37. g3 Qe7 0-1

[Event "BL2-S 9697"]
[Site "?"]
[Date "1997.??.??"]
[Round "?"]
[White "Vokac Marek"]
[Black "Pinter Jozsef"]
[Result "1/2-1/2"]
[WhiteElo "2485"]
[BlackElo "2575"]
[PlyCount "96"]
[EventDate "1997.??.??"]
[Source "www.chesslib.no"]
[SourceDate "2004.05.04"]

1. b4 d5 2. Bb2 Bg4 3. Nf3 Bxf3 4. gxf3 Nf6 5. e3 e6 6. b5 Nbd7 7. f4 g6 8. c4 dxc4 9. Bxc4 Bg7 10. Nc3 O-O 11. d4 Nb6 12. Be2 Qd7 13. Qb3 Rfd8 14. Rc1 Bf8 15. O-O Nbd5 16. Rfd1 c6 17. bxc6 bxc6 18. Ba3 Rab8 19. Qa4 Rb6 20. Bxf8 Rxf8 21. Bf3 Qb7 22. Rd2 Rb8 23. Rdc2 Nb4 24. Rd2 Qc7 25. Qa5 Qe7 26. Qg5 Nfd5 27. Nxd5 Qxg5+ 28. fxg5 cxd5 29. Be2 Rc6 30. Rxc6 Nxc6 31. Rc2 Nb4 32. Rb2 Rb6 33. a3 Nc6 34. Rxb6 axb6 35. Kf1 Ne7 36. Ke1 h6 37. h4 Kg7 38. Bd3 f6 39. f4 Nc8 40. Kd2 Nd6 41. Kc3 hxg5 42. hxg5 fxg5 43. fxg5 Nf7 44. Kb4 Nd6 45. Ka4 Kf7 46. Kb4 Kg7 47. Ka4 Kf7 48. Kb4 Kg7 1/2-1/2

[Event "MT"]
[Site "?"]
[Date "1997.??.??"]
[Round "?"]
[White "Xie Jianjun"]
[Black "Jussupow Artur"]
[Result "0-1"]
[WhiteElo "2385"]
[BlackElo "2665"]
[PlyCount "50"]
[EventDate "1997.??.??"]
[Source "www.chesslib.no"]
[SourceDate "2004.05.04"]

1. b4 e5 2. Bb2 Bxb4 3. f4 Nc6 4. g3 f6 5. Bg2 d6 6. Nf3 Bc5 7. e3 e4 8. Nd4 d5 9. Bxe4 dxe4 10. Qh5+ g6 11. Qxc5 Nxd4 12. Qxd4 Qxd4 13. Bxd4 b6 14. Na3 a6 15. h3 h6 16. g4 Rh7 17. Kf2 Bb7 18. c4 Rd7 19. Rac1 O-O-O 20. Rc2 Rxd4 21. exd4 e3+ 22. dxe3 Bxh1 23. d5 Be4 24. Rc1 f5 25. Rg1 c6 0-1

[Event "Corr"]
[Site "?"]
[Date "2000.09.01"]
[Round "?"]
[White "Gomez Gustavo Daniel (ARG"]
[Black "Samraoui Mekki"]
[Result "1-0"]
[WhiteElo "2522"]
[BlackElo "2520"]
[PlyCount "107"]
[EventDate "2000.??.??"]
[Source "www.chesslib.no"]
[SourceDate "2004.05.04"]

1. b4 d5 2. Bb2 Qd6 3. a3 e5 4. e3 Nf6 5. Nf3 e4 6. Nd4 a5 7. c4 axb4 8. c5 Qd8 9. axb4 Rxa1 10. Bxa1 Bd7 11. Qb3 c6 12. Nc3 b6 13. Na4 bxc5 14. Nxc5 Bxc5 15. bxc5 O-O 16. Qb6 Qxb6 17. cxb6 Bc8 18. Nb3 Nfd7 19. Bd4 Ba6 20. Bxa6 Nxa6 21. b7 c5 22. Bc3 c4 23. Na5 Nac5 24. Ke2 Rb8 25. Rb1 Nb3 26. Rb2 Ndc5 27. Be5 Rxb7 28. Nxb7 Nxb7 29. f3 f6 30. Bc3 N7c5 31. Rc2 exf3+ 32. gxf3 Nd3 33. Kf1 Kf7 34. Ra2 Nbc5 35. Ra7+ Kg6 36. Rc7 Ne6 37. Rd7 Ng5 38. Ke2 Ne6 39. f4 h6 40. Rd6 Kf7 41. f5 Nec5 42. Rxd5 Ke8 43. Rd4 Ne5 44. Rd6 Ncd3 45. Bxe5 Nxe5 46. Re6+ Kf7 47. Rxe5 fxe5 48. Kf3 g5 49. fxg6+ Kxg6 50. Ke4 Kf6 51. Kd5 Kf5 52. e4+ Kf4 53. h3 h5 54. h4 1-0

[Event "Corr"]
[Site "?"]
[Date "2001.??.??"]
[Round "?"]
[White "Gomez Gustavo Daniel"]
[Black "Mercadal Benejam Josep"]
[Result "0-1"]
[WhiteElo "2522"]
[BlackElo "2519"]
[PlyCount "124"]
[EventDate "2001.??.??"]
[Source "www.chesslib.no"]
[SourceDate "2004.05.04"]

1. b4 e5 2. Bb2 Bxb4 3. Bxe5 Nf6 4. a3 Be7 5. e3 O-O 6. c4 c5 7. Nf3 Nc6 8. Bb2 d5 9. Be2 dxc4 10. Bxc4 Bf5 11. O-O Na5 12. Be2 Qb6 13. Bc3 Rad8 14. Qa4 Nb3 15. Ra2 Bd7 16. Qf4 Nd5 17. Qe5 Nxc3 18. Nxc3 Bf6 19. Qf4 Be6 20. Rb1 Qa5 21. Ne4 Be7 22. Qe5 Rfe8 23. Qc3 Qxc3 24. Nxc3 Nd4 25. Rab2 Nxe2+ 26. Nxe2 b6 27. a4 Bf6 28. d4 Bc4 29. Rd1 Kf8 30. h3 Bxe2 31. Rxe2 Bxd4 32. Nxd4 Rxd4 33. exd4 Rxe2 34. dxc5 bxc5 35. Rd7 Re1+ 36. Kh2 Re7 37. Rd8+ Re8 38. Rd7 a6 39. Ra7 Re6 40. Rc7 Re4 41. a5 c4 42. Rc6 Ke8 43. Rxa6 Kd7 44. Ra7+ Kc6 45. a6 Re8 46. Rxf7 Rc8 47. Rxg7 c3 48. Re7 c2 49. Re1 Kb6 50. Rc1 Kxa6 51. f4 Kb5 52. f5 Kb4 53. Kg3 Kc3 54. Kf4 Kd2 55. Rxc2+ Rxc2 56. g4 Rc4+ 57. Ke5 Ke3 58. f6 Kf3 59. g5 Kg3 60. Kf5 Rf4+ 61. Ke5 Rf2 62. Ke6 Kh4 0-1

[Event "Alma-Ata"]
[Site "Alma Ata KAZ"]
[Date "1989.??.??"]
[Round "1"]
[White "Rashkovsky, Nukhim N"]
[Black "Tseshkovsky, Vitaly V"]
[Result "1/2-1/2"]
[WhiteElo "2520"]
[BlackElo "2520"]
[PlyCount "29"]
[EventDate "1989.06.??"]
[Source "www.chesslib.no"]
[SourceDate "2004.05.04"]

1. b4 d5 2. Bb2 Nf6 3. e3 e6 4. b5 a6 5. a4 Nbd7 6. Nf3 Nc5 7. Be2 axb5 8. axb5 Rxa1 9. Bxa1 Be7 10. O-O O-O 11. Nc3 Nfe4 12. Qb1 Bf6 13. d4 Nxc3 14. Bxc3 Ne4 15. Bb4 1/2-1/2

[Event "Corr"]
[Site "?"]
[Date "2000.09.01"]
[Round "?"]
[White "Gomez Gustavo Daniel (ARG"]
[Black "Grasso Dr.Giorgio Luigi (I"]
[Result "1-0"]
[WhiteElo "2522"]
[BlackElo "2504"]
[PlyCount "125"]
[EventDate "2000.??.??"]
[Source "www.chesslib.no"]
[SourceDate "2004.05.04"]

1. b4 e5 2. Bb2 Bxb4 3. Bxe5 Nf6 4. a3 Be7 5. e3 O-O 6. c4 d5 7. cxd5 Nxd5 8. Qc2 Nc6 9. Bb2 Bf6 10. Nc3 Re8 11. Nxd5 Bxb2 12. Qxb2 Qxd5 13. Ne2 Bg4 14. f3 Bf5 15. Rc1 Rad8 16. Nf4 Qd6 17. Be2 a5 18. Nh5 f6 19. Rc3 Ne5 20. Qc1 Bd3 21. Rxc7 Bxe2 22. Kxe2 g6 23. Nf4 b5 24. Rc3 b4 25. axb4 axb4 26. Rc7 Kh8 27. Rd1 g5 28. Qc2 Nd7 29. Nd3 Qxh2 30. Nf2 Qe5 31. Rb1 Qd6 32. Rh1 Re7 33. Ne4 Qb6 34. Kf2 g4 35. Rc8 b3 36. Rxd8+ Qxd8 37. Qxb3 gxf3 38. gxf3 Nc5 39. Qc2 Nxe4+ 40. fxe4 Qe8 41. Qc3 Re5 42. Qc7 h5 43. Qd6 Qf7 44. Rc1 Re8 45. Qf4 Kh7 46. Qf5+ Kh6 47. d4 Qe6 48. Rg1 Qxf5+ 49. exf5 Kh7 50. Rg6 Rf8 51. e4 h4 52. Kf3 Rf7 53. Kf4 h3 54. Kg3 Re7 55. Rg4 Rb7 56. Kxh3 Rb3+ 57. Kg2 Rb4 58. d5 Rb6 59. Kf3 Ra6 60. Ke3 Kh6 61. Kd4 Kh5 62. Rg8 Kh6 63. Kc5 1-0

[Event "XXX Open"]
[Site "?"]
[Date "2005.01.12"]
[Round "6"]
[White "Campora Daniel H"]
[Black "Komljenovic Davor"]
[Result "1-0"]
[WhiteElo "2529"]
[BlackElo "2492"]
[PlyCount "41"]
[EventDate "2005.??.??"]
[Source "www.chesslib.no"]
[SourceDate "2004.05.04"]

1. b4 e5 2. Bb2 d6 3. e3 Nf6 4. Nf3 g6 5. c4 Bg7 6. Nc3 O-O 7. Be2 e4 8. Nd4 c5 9. bxc5 dxc5 10. Nb3 b6 11. d4 cxd4 12. exd4 Nc6 13. O-O Re8 14. a4 a5 15. Nb5 Nb4 16. d5 Bf5 17. N3d4 Qd7 18. Nxf5 gxf5 19. Ra3 f4 20. Bxf6 Bxf6 21. Bg4 1-0

[Event "WT-M-GT-346"]
[Site "Cork WT-M-GT-346"]
[Date "1994.??.??"]
[Round "?"]
[White "Rohde, Michael A"]
[Black "Fiorito, Fabian"]
[Result "1-0"]
[WhiteElo "2565"]
[BlackElo "2455"]
[PlyCount "33"]
[EventDate "1994.??.??"]
[Source "www.chesslib.no"]
[SourceDate "2004.05.04"]

1. b4 e5 2. a3 f5 3. e3 Nf6 4. Bb2 d6 5. d4 e4 6. Nh3 d5 7. c4 a5 8. bxa5 Rxa5 9. cxd5 Nxd5 10. Nc3 c6 11. Nxd5 Qxd5 12. Nf4 Qf7 13. Qc2 Bd6 14. Bc4 Qe7 15. O-O Bxa3 16. Qd1 Rf8 17. Qb3 1-0

[Event "Corr"]
[Site "?"]
[Date "2000.09.01"]
[Round "?"]
[White "Gomez Gustavo Daniel (ARG"]
[Black "Fleetwood Daniel M.(USA)"]
[Result "1/2-1/2"]
[WhiteElo "2522"]
[BlackElo "2498"]
[PlyCount "51"]
[EventDate "2000.??.??"]
[Source "www.chesslib.no"]
[SourceDate "2004.05.04"]

1. b4 e5 2. Bb2 Bxb4 3. Bxe5 Nf6 4. a3 Ba5 5. e3 d5 6. c4 O-O 7. cxd5 Nxd5 8. Qc2 Nc6 9. Bb2 Re8 10. Nf3 Nf4 11. Qc4 Ng6 12. Qa4 a6 13. Be2 Bf5 14. O-O b5 15. Qd1 Bd3 16. Bxd3 Qxd3 17. Ne1 Qd6 18. d4 Nce5 19. Nf3 Nc4 20. Qc2 Nxb2 21. Qxb2 c5 22. a4 b4 23. Nbd2 cxd4 24. Nc4 Qc7 25. Nxa5 Qxa5 26. Nxd4 1/2-1/2

[Event "Minsk BLR"]
[Site "Minsk BLR"]
[Date "1994.??.??"]
[Round "?"]
[White "Volke, Karsten"]
[Black "Kovalev, Andrei"]
[Result "0-1"]
[WhiteElo "2480"]
[BlackElo "2530"]
[PlyCount "61"]
[EventDate "1994.??.??"]
[Source "www.chesslib.no"]
[SourceDate "2004.05.04"]

1. b4 e5 2. Bb2 f6 3. b5 d5 4. e3 c5 5. d4 Nd7 6. Nc3 cxd4 7. exd4 Bb4 8. dxe5 Nxe5 9. Qd4 Bxc3+ 10. Qxc3 Bf5 11. Bd3 Rc8 12. Qd2 Qd7 13. Bxe5 fxe5 14. Bxf5 Qxf5 15. Qxd5 Nf6 16. Qf3 Qxc2 17. Ne2 Rd8 18. O-O e4 19. Qe3 Qd3 20. Rac1 O-O 21. Nf4 Qxe3 22. fxe3 Rf7 23. h3 Re7 24. Rf3 g6 25. a4 Kf7 26. a5 Rh8 27. b6 axb6 28. axb6 Re5 29. Rc7+ Kg8 30. Rc5 h5 31. h4 0-1

[Event "I Open"]
[Site "Calviá"]
[Date "2004.11.08"]
[Round "8"]
[White "Campora, Daniel H"]
[Black "Vera, Reynaldo"]
[Result "1/2-1/2"]
[WhiteElo "2549"]
[BlackElo "2461"]
[PlyCount "48"]
[EventDate "2004.11.01"]
[Source "Roberto Alvarez"]
[SourceDate "2004.11.08"]

1. b4 d5 2. Bb2 Bg4 3. Nf3 Nd7 4. e3 Ngf6 5. c4 e6 6. Qb3 a5 7. a3 Be7 8. Nc3 c6 9. cxd5 cxd5 10. bxa5 O-O 11. Nb5 Ne4 12. h3 Bh5 13. Nc3 Ndc5 14. Qa2 Bh4 15. Nxe4 Nxe4 16. Nxh4 Qxh4 17. g3 Qd8 18. Bg2 Qxa5 19. Bxe4 dxe4 20. g4 Bg6 21. Qb3 Rfc8 22. Bc3 Qa6 23. Rb1 Rc7 24. Qb5 Qxb5 1/2-1/2

[Event "Minsk"]
[Site "Minsk"]
[Date "1994.??.??"]
[Round "3"]
[White "Volke, Karsten"]
[Black "Kovalev, Andrei"]
[Result "0-1"]
[WhiteElo "2480"]
[BlackElo "2530"]
[PlyCount "130"]
[EventDate "1994.02.??"]
[Source "ChessBase"]

1. b4 e5 2. Bb2 f6 3. b5 d5 4. e3 c5 5. d4 Nd7 6. Nc3 cxd4 7. exd4 Bb4 8. dxe5 Nxe5 9. Qd4 Bxc3+ 10. Qxc3 Bf5 11. Bd3 Rc8 12. Qd2 Qd7 13. Bxe5 fxe5 14. Bxf5 Qxf5 15. Qxd5 Nf6 16. Qf3 Qxc2 17. Ne2 Rd8 18. O-O e4 19. Qe3 Qd3 20. Rac1 O-O 21. Nf4 Qxe3 22. fxe3 Rf7 23. h3 Re7 24. Rc4 Kf7 25. a4 Ke8 26. a5 Re5 27. b6 axb6 28. axb6 Rd6 29. Rc8+ Kf7 30. Rc7+ Re7 31. g4 g5 32. Nh5 Rxb6 33. Rc5 Kg6 34. Rxf6+ Rxf6 35. Nxf6 Kxf6 36. Rb5 h6 37. Rb6+ Ke5 38. Rxh6 Kd5 39. Kf2 b5 40. Rb6 Kc5 41. Rg6 Re5 42. Ke2 Kc4 43. Rc6+ Kb3 44. Kf2 b4 45. Kg3 Ka4 46. Rc4 Kb5 47. Rc1 Rc5 48. Re1 b3 49. h4 gxh4+ 50. Kxh4 Kb4 51. Kg3 b2 52. Rb1 Kb3 53. Kf4 Rc4 54. g5 Ka2 55. Rg1 b1=Q 56. Rxb1 Kxb1 57. g6 Kc2 58. g7 Rc8 59. Kxe4 Rg8 60. Kd5 Rxg7 61. e4 Rd7+ 62. Ke6 Rd4 63. e5 Kd3 64. Kf7 Rf4+ 65. Kg6 Re4 0-1

[Event "Corr"]
[Site "?"]
[Date "2002.07.01"]
[Round "?"]
[White "Beaumont David (ARG)"]
[Black "Dias Sergio Moreira Ferr"]
[Result "1-0"]
[WhiteElo "2535"]
[BlackElo "2464"]
[PlyCount "49"]
[EventDate "2002.??.??"]
[Source "www.chesslib.no"]
[SourceDate "2004.05.04"]

1. b4 c6 2. e3 d5 3. a4 Bf5 4. Nf3 e6 5. Bb2 Nf6 6. b5 Bd6 7. Be2 O-O 8. Nh4 Be4 9. d3 Nfd7 10. bxc6 bxc6 11. dxe4 Qxh4 12. exd5 cxd5 13. c4 Nb6 14. Nd2 Bb4 15. O-O Bxd2 16. Qxd2 Nxc4 17. Bxc4 Qxc4 18. Rfc1 Qg4 19. a5 a6 20. h3 Qg6 21. e4 Qxe4 22. Rc7 Qh4 23. Ra3 d4 24. Bxd4 Qd8 25. Qc3 1-0

[Event "Minsk"]
[Site "Minsk"]
[Date "1994.??.??"]
[Round "5"]
[White "Volke, Karsten"]
[Black "Kupreichik, Viktor D"]
[Result "1/2-1/2"]
[WhiteElo "2480"]
[BlackElo "2515"]
[PlyCount "59"]
[EventDate "1994.02.??"]
[Source "ChessBase"]

1. b4 e5 2. Bb2 f6 3. b5 d5 4. e3 c5 5. d4 exd4 6. exd4 c4 7. Nc3 Bb4 8. Qh5+ g6 9. Qf3 a6 10. g3 Bf5 11. Bh3 Be4 12. Qe2 axb5 13. Kf1 Bxc3 14. Bxc3 Ne7 15. f3 Bf5 16. Bxf5 gxf5 17. Nh3 Nbc6 18. Rb1 b4 19. Bxb4 Nxd4 20. Bxe7 Qxe7 21. Qd2 Nxf3 22. Qxd5 Qe4 23. Qb5+ Kf8 24. Qb4+ Kg7 25. Nf2 Qc6 26. Qe7+ Kg6 27. Rxb7 Nd2+ 28. Kg1 Nf3+ 29. Kf1 Nd2+ 30. Kg1 1/2-1/2

[Event "Minsk"]
[Site "Minsk"]
[Date "1994.??.??"]
[Round "10"]
[White "Volke, Karsten"]
[Black "Yandemirov, Valeri"]
[Result "1/2-1/2"]
[WhiteElo "2480"]
[BlackElo "2510"]
[PlyCount "20"]
[EventDate "1994.02.??"]
[Source "ChessBase"]

1. b4 e5 2. Bb2 Bxb4 3. Bxe5 Nf6 4. c4 O-O 5. Nf3 Re8 6. Bb2 d5 7. e3 Bf8 8. cxd5 Nxd5 9. Be2 c5 10. O-O Nc6 1/2-1/2

[Event "Berliner Sommer"]
[Site "Berlin GER"]
[Date "1994.??.??"]
[Round "?"]
[White "Muse, Mladen"]
[Black "Budnikov, Alexandar"]
[Result "0-1"]
[WhiteElo "2455"]
[BlackElo "2535"]
[PlyCount "70"]
[EventDate "1994.08.??"]
[Source "www.chesslib.no"]
[SourceDate "2004.05.04"]

1. b4 e5 2. Bb2 d6 3. c4 g6 4. g3 Bg7 5. Bg2 Ne7 6. e3 O-O 7. Ne2 c6 8. d4 Bg4 9. dxe5 dxe5 10. Qc2 Bf5 11. e4 Be6 12. O-O a5 13. b5 Nd7 14. Na3 Nc5 15. Rad1 Qc7 16. Bc1 f5 17. Nc3 Bf7 18. Bg5 Rae8 19. bxc6 bxc6 20. Be3 Ne6 21. Na4 Nd4 22. Bxd4 exd4 23. exf5 Nxf5 24. Qd3 Re7 25. Nc5 Ne3 26. fxe3 Rxe3 27. Qd2 Rxa3 28. Nb3 Ra4 29. Nxd4 Rxc4 30. Nf3 h6 31. Qd3 c5 32. Qa3 Rb4 33. Nh4 c4 34. Be4 c3 35. Bxg6 Qb6+ 0-1

[Event "Femida"]
[Site "?"]
[Date "2005.10.24"]
[Round "9"]
[White "Sitnikov Anton"]
[Black "Burmakin Vladimir"]
[Result "1/2-1/2"]
[WhiteElo "2443"]
[BlackElo "2535"]
[PlyCount "163"]
[EventDate "2005.??.??"]
[Source "www.chesslib.no"]
[SourceDate "2004.05.04"]

1. b4 d5 2. Bb2 Nf6 3. e3 Bf5 4. Nf3 e6 5. c4 c6 6. a3 Bd6 7. d4 O-O 8. Nbd2 Nbd7 9. Be2 Qe7 10. O-O Ne4 11. Nb3 Bc7 12. Rc1 Rfc8 13. c5 Bg6 14. Ne5 Nxe5 15. dxe5 f6 16. f3 Ng5 17. exf6 gxf6 18. f4 Ne4 19. Bg4 Rf8 20. Nd4 f5 21. Bf3 e5 22. Ne2 Nf6 23. fxe5 Bxe5 24. Bxe5 Qxe5 25. Qd4 Nd7 26. Nf4 Rae8 27. Rc3 Re7 28. Kf2 Qg7 29. b5 Ne5 30. Be2 Rfe8 31. h3 Qh6 32. Rb1 Nf7 33. Bf3 Ng5 34. bxc6 bxc6 35. Rcb3 Ne6 36. Nxe6 Rxe6 37. Qf4 Qf8 38. Rc1 Qe7 39. a4 Qd8 40. Rcc3 Rf8 41. Kg3 Re7 42. Rb4 Qa5 43. Rbb3 Rg7 44. Kh2 Bf7 45. Rb4 Be6 46. Rc2 Bc8 47. Rb8 Qc7 48. Qd6 Rd7 49. Qxc7 Rxc7 50. Kg3 Kf7 51. Rd2 Re7 52. Kf2 Kf6 53. Be2 Rfe8 54. Bf1 Ke5 55. Rd4 Be6 56. Rxe8 Rxe8 57. Rb4 Re7 58. a5 Bc8 59. Bd3 Rb7 60. Rh4 Be6 61. Rh6 a6 62. h4 Rb2+ 63. Be2 Ra2 64. h5 Bg8 65. Rxc6 d4 66. exd4+ Kxd4 67. Rc8 Bc4 68. Rd8+ Ke5 69. Re8+ Kd5 70. Kf3 Bxe2+ 71. Rxe2 Rxa5 72. Kf4 Rxc5 73. Re7 h6 74. Ra7 Rc2 75. Rxa6 Rxg2 76. Rxh6 Rf2+ 77. Kg3 Rf1 78. Kg2 Rf4 79. Ra6 Rh4 80. h6 Ke5 81. Ra5+ Kf6 82. Ra3 1/2-1/2

[Event "Lvov"]
[Site "Lvov"]
[Date "1984.??.??"]
[Round "12"]
[White "Mikhalchishin, Adrian"]
[Black "Giorgadze, Tamaz"]
[Result "1/2-1/2"]
[WhiteElo "2480"]
[BlackElo "2495"]
[PlyCount "31"]
[EventDate "1984.02.??"]
[Source "ChessBase"]

1. b4 Nf6 2. Bb2 g6 3. Nf3 Bg7 4. e3 O-O 5. Be2 a5 6. b5 d6 7. d4 Nbd7 8. O-O e5 9. c4 Re8 10. Nc3 exd4 11. exd4 Nf8 12. Re1 Bf5 13. Nh4 Bd7 14. Nf3 Bf5 15. Nh4 Bd7 16. Nf3 1/2-1/2

[Event "Canete"]
[Site "Canete"]
[Date "1994.??.??"]
[Round "1"]
[White "Campora, Daniel H"]
[Black "Alvarez Ibarra, Rafael"]
[Result "1-0"]
[WhiteElo "2535"]
[BlackElo "2435"]
[PlyCount "83"]
[EventDate "1994.05.??"]
[Source "www.chesslib.no"]
[SourceDate "2004.05.04"]

1. b4 d5 2. Bb2 Bg4 3. h3 Bh5 4. c4 c6 5. cxd5 cxd5 6. g4 Bg6 7. Bg2 Nf6 8. Nf3 Nbd7 9. d3 e6 10. a3 h6 11. O-O Be7 12. Nc3 O-O 13. Nd4 a5 14. bxa5 Qxa5 15. a4 Rfc8 16. Nb3 Qd8 17. Nb5 h5 18. g5 Ne8 19. e4 Bxg5 20. f4 Bf6 21. N3d4 dxe4 22. dxe4 e5 23. f5 exd4 24. fxg6 fxg6 25. Bxd4 Ne5 26. Qb3+ Kh7 27. Rad1 Qe7 28. Kh1 Nc7 29. Nc3 Ne6 30. Nd5 Nxd4 31. Rxd4 Qc5 32. Rb4 Rf8 33. Rxb7 Bg5 34. Rg1 Qf2 35. Qc3 Rae8 36. Rf1 Qd2 37. Qxd2 Bxd2 38. Nf6+ Rxf6 39. Rxf6 Ra8 40. Rf2 Bc3 41. Rc2 Be1 42. Rb1 1-0